North Devon DC (Tews Lane, bickington) Compulsory Purchase Order 1994 (Record no. 19768)

MARC details
000 -LEADER
fixed length control field 01038cab a2200217 4500
001 - CONTROL NUMBER
control field X3232
008 - FIXED-LENGTH DATA ELEMENTS--GENERAL INFORMATION
fixed length control field 090401t1996 xxu||||| |||| 00| 0 eng d
035 ## - SYSTEM CONTROL NUMBER
System control number (Sirsi) u29342
041 ## - LANGUAGE CODE
Language code of text/sound track or separate title eng
245 ## - TITLE STATEMENT
Title North Devon DC (Tews Lane, bickington) Compulsory Purchase Order 1994
260 ## - PUBLICATION, DISTRIBUTION, ETC.
Date of publication, distribution, etc. 1996
350 ## - PRICE (NR) (BK AM CF MU VM SE) [OBSOLETE]
Price 0
490 ## - SERIES STATEMENT
Series statement Planning Appeal Decisions
Volume/sequential designation 1996 11 PAD 62-69(8)
520 ## - SUMMARY, ETC.
Summary, etc. Decision letter 12 September 1995. CPO. Recreational facilities.s Non-statutory objection. Structure and local plans. Draft minerals locaal plan. Draft local plan. Earlier planning permissions. Need for playing fields. Advantages of site. Other possible sites. Clay worings and tip areas nearby. Whether danger to children. Site`s suitability for proposed use. (Headnote from journal)
650 ## - SUBJECT ADDED ENTRY--TOPICAL TERM
Topical term or geographic name entry element COMPULSORY PURCHASE ORDER
650 ## - SUBJECT ADDED ENTRY--TOPICAL TERM
Topical term or geographic name entry element PLAYING FIELDS
650 ## - SUBJECT ADDED ENTRY--TOPICAL TERM
Topical term or geographic name entry element RECREATIONAL FACILITIES
690 ## - LOCAL SUBJECT ADDED ENTRY--TOPICAL TERM (OCLC, RLIN)
Topical term or geographic name as entry element ENVIRONMENTAL AND LAND CONSULTANCY-PLANNING AND DEVELOPMENT-COMPULSORY PURCHASE AND COMPENSATION
942 ## - ADDED ENTRY ELEMENTS (KOHA)
Suppress in OPAC 0
948 ## - LOCAL PROCESSING INFORMATION (OCLC); SERIES PART DESIGNATOR (RLIN)
c (OCLC) 04/03/1997
Holdings
Withdrawn status Lost status Source of classification or shelving scheme Damaged status Not for loan Home library Current library Shelving location Date acquired Total Checkouts Full call number Barcode Date last seen Copy number Price effective from Koha item type
    Dewey Decimal Classification     London London Journal article 14/09/1999   X3232 29342-1001 06/08/2019 1 06/08/2019 Law report